Berühmte Sehenswürdigkeiten - Statistiken

Allgemein
  • Dieses Quiz wurde 861 mal gespielt
    778 seit der letzten Aktualisierung
  • Das Durchschnittsergebnis liegt bei 8 aus 18
Antwortstatistiken
Bildquiz Antwort % Korrekt
Brandenburger Tor
97%
Eiffelturm
90%
Freiheitsstatue
84%
Chinesische Mauer
82%
Kolosseum
73%
Stonehenge
70%
Sphinx
65%
Machu Picchu
50%
Uluru
49%
Basilius-Kathedrale
41%
Opernhaus in Sydney
32%
Verbotener Palast
30%
Lincoln Gedenkstätte
26%
Angkor Wat
24%
Petronas Türme
7%
Kathedrale von Florenz
6%
CN-Turm
4%
Edinburgh Schloss
1%
Keine übereinstimmenden Quizze gefunden
Verteilung der Resultate
Anzahl Personen mit jedem Resultat
Perzentil nach korrekt beantworteten Fragen
Ihre Resultats-Entwicklung
Sie haben dieses Quiz seit der letzten Aktualisierung nicht gespielt